La Teoría económica del imperialismo

Guardado en:
Bibliografiske detaljer
Hovedforfatter: Barratt Brown, Michael
Format: Texto
Udgivet: Madrid: Alianza Universidad
Tags: Tilføj Tag
Ingen Tags, Vær først til at tagge denne postø!

MARC

LEADER 00000 a a2200000 04500
001 24901
003
040
020 |a 84-206-2139-0  
090 |a 175500  
100 |a Barratt Brown, Michael  
245 |a La Teoría económica del imperialismo  
260 |a Madrid:   |b Alianza Universidad  
300 |a 379 p   |b **no definido**  
999 |c 15774  |d 15774